Statistics for All 300k Cities With a Map

Click here to take the quiz!

General Stats

  • This quiz has been taken 1,843 times
  • The average score is 373 of 1860

Answers on the Map

Answers color-coded by a green-red scale on the quiz's map according to % correct below.
 

Answer Stats

CountryPopulationCity% Correct
United Kingdom9,304,000London
86%
Canada508,000London
86%
United States18,804,000New York
84%
France11,017,000Paris
84%
United States2,877,000Tampa-St. Petersburg
83%
Spain6,618,000Madrid
82%
Italy460,000Taranto
81%
Ireland1,228,000Dublin
80%
United States12,447,000Los Angeles
80%
Russia12,538,000Moscow
80%
Italy4,257,000Rome
80%
Russia5,468,000Saint Petersburg
80%
Spain5,586,000Barcelona
79%
Venezuela794,000Barcelona-Puerto La Cruz
79%
Germany3,562,000Berlin
79%
United States6,122,000Miami
79%
Japan37,393,000Tokyo
79%
Turkey511,000Van
79%
Portugal2,957,000Lisbon
78%
Mexico21,782,000Mexico City
78%
Norway1,041,000Oslo
78%
Australia4,926,000Sydney
78%
Canada6,197,000Toronto
78%
Greece3,153,000Athens
77%
United States842,000Birmingham
77%
United Kingdom2,607,000Birmingham
77%
Egypt20,901,000Cairo
77%
United States8,865,000Chicago
77%
United States6,301,000Dallas
77%
United States6,371,000Houston
77%
United Kingdom2,730,000Manchester
77%
Portugal1,313,000Porto
77%
India30,291,000Delhi
76%
Turkey15,190,000Istanbul
76%
Italy2,187,000Naples
76%
Brazil13,458,000Rio de Janeiro
76%
United States3,314,000San Francisco
76%
United States3,433,000Seattle
76%
Sweden1,633,000Stockholm
76%
United States5,322,000Washington, D.C.
76%
Netherlands1,149,000Amsterdam
75%
United States4,309,000Boston
75%
Finland1,305,000Helsinki
75%
Italy3,140,000Milan
75%
United States519,000Palm Bay-Melbourne
75%
Yemen2,973,000Sana'a
75%
Canada2,581,000Vancouver
75%
Belgium2,081,000Brussels
74%
Denmark1,346,000Copenhagen
74%
United Kingdom1,673,000Glasgow
74%
Cuba2,140,000Havana
74%
Ukraine2,988,000Kiev
74%
Australia4,968,000Melbourne
74%
Canada4,221,000Montréal
74%
India20,411,000Mumbai
74%
Poland1,783,000Warsaw
74%
China20,463,000Beijing
73%
United States3,548,000Detroit
73%
United Kingdom537,000Edinburgh
73%
Peru10,719,000Lima
73%
Canada1,393,000Ottawa-Gatineau
73%
United States5,717,000Philadelphia
73%
United States2,151,000Portland
73%
Chile6,767,000Santiago
73%
Dominican Republic665,000Santiago
73%
Cuba438,000Santiago de Cuba
73%
Argentina436,000Santiago del Estero
73%
Austria1,930,000Vienna
73%
Turkey5,118,000Ankara
72%
United States5,803,000Atlanta
72%
Romania1,803,000Bucharest
72%
Hungary1,768,000Budapest
72%
United States2,699,000Las Vegas
72%
United Kingdom902,000Liverpool
72%
France1,719,000Lyon
72%
France1,608,000Marseille-Aix-en-Provence
72%
Germany1,538,000Munich
72%
United States3,251,000San Diego
72%
Brazil22,043,000São Paulo
72%
United States2,053,000Austin
71%
Argentina15,154,000Buenos Aires
71%
United States2,827,000Denver
71%
Germany1,790,000Hamburg
71%
Indonesia10,770,000Jakarta
71%
United States2,926,000Minneapolis-St. Paul
71%
France942,000Nice-Cannes
71%
United States1,964,000Orlando
71%
Australia2,042,000Perth
71%
United States4,511,000Phoenix
71%
United States1,791,000San Jose
71%
Costa Rica1,400,000San José
71%
Tunisia2,365,000Tunis
71%
Italy637,000Venice
71%
Egypt5,281,000Alexandria
70%
Algeria2,768,000Algiers
70%
United Kingdom631,000Belfast
70%
Colombia10,978,000Bogotá
70%
Brazil4,646,000Brasília
70%
South Africa4,618,000Cape Town
70%
United States420,000Jackson
70%
South Africa5,783,000Johannesburg
70%
United Kingdom321,000Kingston upon Hull
70%
Philippines13,923,000Manila
70%
Japan19,165,000Osaka
70%
Bulgaria1,281,000Sofia
70%
Iran9,135,000Tehran
70%
New Zealand415,000Wellington
70%
Switzerland1,395,000Zürich
70%
New Zealand1,607,000Auckland
69%
Thailand10,539,000Bangkok
69%
Switzerland430,000Bern
69%
Germany777,000Frankfurt am Main
69%
United States992,000New Orleans
69%
Panama1,860,000Panama City
69%
Czech Republic1,306,000Prague
69%
South Korea9,963,000Seoul
69%
China27,058,000Shanghai
69%
Spain834,000Valencia
69%
Venezuela1,910,000Valencia
69%
Iraq7,144,000Baghdad
68%
United Arab Emirates2,878,000Dubai
68%
Israel932,000Jerusalem
68%
Belarus2,028,000Minsk
68%
Latvia631,000Riga
68%
Netherlands1,010,000Rotterdam
68%
United States2,123,000Sacramento
68%
United States1,169,000Salt Lake City
68%
United States434,000Bonita Springs-Naples
67%
Venezuela2,939,000Caracas
67%
United States1,280,000Jacksonville
67%
Nigeria14,368,000Lagos
67%
United States2,320,000San Antonio
67%
Estonia445,000Tallinn
67%
Libya1,165,000Tripoli
67%
Italy1,792,000Turin
67%
United Arab Emirates1,483,000Abu Dhabi
66%
Serbia1,398,000Belgrade
66%
Morocco3,752,000Casablanca
66%
Canada1,461,000Edmonton
66%
China7,548,000Hong Kong
66%
Jamaica591,000Kingston
66%
United Kingdom1,889,000Leeds
66%
Morocco1,885,000Rabat
66%
Saudi Arabia7,231,000Riyadh
66%
Spain704,000Seville
66%
Israel4,181,000Tel Aviv
66%
Croatia685,000Zagreb
66%
United States2,325,000Baltimore
65%
Australia2,406,000Brisbane
65%
United Kingdom478,000Cardiff
65%
Syria2,392,000Damascus
65%
Bangladesh21,006,000Dhaka
65%
United States951,000El Paso
65%
Italy708,000Florence
65%
Switzerland613,000Geneva
65%
Vietnam4,678,000Hanoi
65%
Ecuador1,874,000Quito
65%
Bosnia and Herzegovina343,000Sarajevo
65%
Singapore5,935,000Singapore
65%
United States2,213,000St. Louis
65%
Taiwan2,721,000Taipei
65%
Ethiopia4,794,000Addis Ababa
64%
France969,000Bordeaux
64%
Canada1,547,000Calgary
64%
United States1,763,000Cleveland
64%
Germany1,119,000Cologne
64%
Senegal3,140,000Dakar
64%
Qatar641,000Doha
64%
Qatar419,000Doha Industrial Area
64%
China13,302,000Guangzhou
64%
Vietnam8,602,000Ho Chi Minh City
64%
United States1,807,000Indianapolis
64%
United States1,686,000Kansas City
64%
Pakistan16,094,000Karachi
64%
Democratic Republic of the Congo14,342,000Kinshasa
64%
India14,850,000Kolkata
64%
Poland769,000Kraków
64%
Bolivia1,858,000La Paz
64%
Haiti2,774,000Port-au-Prince
64%
Guatemala2,935,000Guatemala City
63%
Malaysia7,997,000Kuala Lumpur
63%
Saudi Arabia2,042,000Mecca
63%
Uruguay1,752,000Montevideo
63%
Kenya4,735,000Nairobi
63%
United States1,249,000Nashville
63%
Australia450,000Newcastle-Maitland
63%
United Kingdom809,000Newcastle upon Tyne
63%
Italy851,000Palermo
63%
Canada826,000Québec
63%
Lithuania539,000Vilnius
63%
Australia1,336,000Adelaide
62%
Belgium1,042,000Antwerp
62%
Azerbaijan2,341,000Baku
62%
Australia457,000Canberra
62%
United States2,054,000Charlotte
62%
Pakistan1,129,000Islamabad
62%
Afghanistan4,222,000Kabul
62%
Sudan5,829,000Khartoum
62%
United States1,150,000Memphis
62%
United States1,704,000Pittsburgh
62%
Albania494,000Tirana
62%
France1,024,000Toulouse
62%
Lebanon2,424,000Beirut
61%
United States891,000Buffalo
61%
United States1,746,000Cincinnati
61%
Sri Lanka613,000Colombo
61%
Tanzania6,702,000Dar es Salaam
61%
Sweden611,000Gothenburg
61%
Kuwait3,115,000Kuwait City
61%
Sweden322,000Malmö
61%
United States1,439,000Milwaukee
61%
Ukraine1,009,000Odessa
61%
United States989,000Oklahoma City
61%
North Korea3,084,000Pyongyang
61%
Dominican Republic3,318,000Santo Domingo
61%
Ecuador355,000Santo Domingo
61%
China8,365,000Wuhan
61%
Spain350,000Bilbao
60%
Slovakia435,000Bratislava
60%
United States1,644,000Columbus
60%
Germany632,000Düsseldorf
60%
Mexico5,179,000Guadalajara
60%
China1,196,000Lu'an
60%
Somalia2,282,000Mogadishu
60%
Kazakhstan1,166,000Nur-Sultan
60%
South Africa2,566,000Pretoria
60%
United Kingdom928,000Southampton-Portsmouth
60%
Netherlands698,000The Hague
60%
Greece812,000Thessaloniki
60%
Mongolia1,584,000Ulaanbaatar
60%
Ghana2,514,000Accra
59%
Italy680,000Genoa
59%
United States (Puerto Rico)2,448,000San Juan
59%
Argentina537,000San Juan
59%
North Macedonia595,000Skopje
59%
Georgia1,078,000Tbilisi
59%
Nigeria3,278,000Abuja
58%
Jordan2,148,000Amman
58%
Paraguay3,337,000Asunción
58%
United Kingdom686,000Bristol
58%
India10,971,000Chennai
58%
Poland465,000Gdańsk
58%
United States892,000Honolulu
58%
Nepal1,424,000Kathmandu
58%
France1,063,000Lille
58%
Angola8,330,000Luanda
58%
Oman1,550,000Muscat
58%
El Salvador1,106,000San Salvador
58%
Argentina361,000San Salvador de Jujuy
58%
Germany633,000Stuttgart
58%
India12,327,000Bangalore
57%
Germany575,000Dresden
57%
Spain590,000Malaga
57%
Armenia1,086,000Yerevan
57%
Brazil6,084,000Belo Horizonte
56%
Congo2,388,000Brazzaville
56%
Pakistan12,642,000Lahore
56%
Colombia4,000,000Medellín
56%
Mexico4,874,000Monterrey
56%
France678,000Nantes
56%
United States1,444,000Raleigh
56%
Mexico2,140,000Tijuana
56%
China8,001,000Xi'an
56%
Madagascar3,369,000Antananarivo
55%
Pakistan1,850,000Hyderabad
55%
India10,004,000Hyderabad
55%
Saudi Arabia4,610,000Jeddah
55%
Uzbekistan2,517,000Tashkent
55%
United States982,000Tucson
55%
United States915,000Albuquerque
54%
United States734,000Baton Rouge
54%
Germany565,000Bremen
54%
Moldova499,000Chişinău
54%
New Zealand399,000Christchurch
54%
Sierra Leone1,202,000Freetown
54%
Turkey2,993,000İzmir
54%
United States1,089,000Louisville
54%
Japan2,670,000Sapporo
54%
France475,000Strasbourg
54%
Canada817,000Winnipeg
54%
Italy622,000Bari
53%
United States447,000Boise
53%
Djibouti576,000Djibouti
53%
Japan2,083,000Hiroshima
53%
Ukraine1,429,000Kharkiv
53%
Brazil2,261,000Manaus
53%
Morocco1,003,000Marrakech
53%
Germany512,000Nuremberg
53%
Spain467,000Palma
53%
Cambodia2,078,000Phnom Penh
53%
Papua New Guinea383,000Port Moresby
53%
United States1,200,000Providence
53%
United Kingdom730,000Sheffield
53%
Spain731,000Zaragoza
53%
Italy806,000Bologna
52%
South Korea3,465,000Busan
52%
Spain344,000Cordoba
52%
Argentina1,572,000Córdoba
52%
Mexico352,000Córdoba
52%
South Africa3,158,000Durban
52%
Morocco1,224,000Fez
52%
Canada413,000Halifax
52%
Germany537,000Hannover
52%
Uganda3,298,000Kampala
52%
Germany591,000Leipzig
52%
Japan9,552,000Nagoya
52%
United States1,105,000Richmond
52%
Syria1,917,000Aleppo
51%
Ukraine906,000Donetsk
51%
Germany582,000Essen
51%
Zimbabwe1,530,000Harare
51%
Ukraine724,000Lviv
51%
Nicaragua1,064,000Managua
51%
Saudi Arabia1,489,000Medina
51%
United Kingdom788,000Nottingham
51%
United States1,477,000Virginia Beach
51%
Russia1,005,000Volgograd
51%
Switzerland559,000Basel
50%
United States769,000Fresno
50%
Russia484,000Kaliningrad
50%
Liberia1,517,000Monrovia
50%
Japan414,000Nagasaki
50%
United States835,000Omaha
50%
Brazil4,127,000Recife
50%
China13,589,000Tianjin
50%
Namibia431,000Windhoek
50%
Mali2,618,000Bamako
49%
Kyrgyzstan1,038,000Bishkek
49%
Mexico944,000Cancún
49%
United States668,000Colorado Springs
49%
Zambia2,774,000Lusaka
49%
Honduras1,444,000Tegucigalpa
49%
Myanmar5,332,000Yangon
49%
Ivory Coast5,203,000Abidjan
48%
India8,059,000Ahmedabad
48%
United States630,000Albany
48%
United Kingdom607,000Brighton-Worthing-Littlehampton
48%
Colombia2,782,000Cali
48%
Germany590,000Dortmund
48%
Poland677,000Łódź
48%
Bahrain635,000Manama
48%
Mozambique1,110,000Maputo
48%
Russia450,000Sochi
48%
United Kingdom311,000Swansea
48%
United States766,000Tulsa
48%
Kazakhstan1,896,000Almaty
47%
United States708,000Charleston
47%
United States544,000Des Moines
47%
United Kingdom552,000Leicester
47%
Russia1,258,000Nizhny Novgorod
47%
Russia1,136,000Rostov-on-Don
47%
Brazil3,839,000Salvador
47%
China4,369,000Ürümqi
47%
Netherlands544,000Utrecht
47%
Cameroon3,992,000Yaoundé
47%
China9,136,000Chengdu
46%
South Sudan403,000Juba
46%
Rwanda1,132,000Kigali
46%
Gabon834,000Libreville
46%
Algeria899,000Oran
46%
China12,357,000Shenzhen
46%
Morocco1,198,000Tangier
46%
Italy630,000Verona
46%
Russia610,000Vladivostok
46%
Turkmenistan846,000Ashgabat
45%
Guinea-Bissau600,000Bissau
45%
Germany320,000Bonn
45%
China15,872,000Chongqing
45%
Belgium466,000Ghent
45%
United States999,000Hartford
45%
France462,000Montpellier
45%
Niger1,292,000Niamey
45%
Burkina Faso2,780,000Ouagadougou
45%
Brazil4,137,000Porto Alegre
45%
India6,629,000Pune
45%
Russia or Ukraine (Crimea)395,000Sevastopol
45%
United States347,000Springfield
45%
United States669,000Springfield
45%
China361,000Ya'an
45%
Russia1,504,000Yekaterinburg
45%
South Africa567,000Bloemfontein
44%
Czech Republic378,000Brno
44%
Guinea1,938,000Conakry
44%
Tajikistan916,000Dushanbe
44%
Brazil4,073,000Fortaleza
44%
China6,387,000Harbin
44%
Togo1,828,000Lomé
44%
Chad1,423,000N'Djaména
44%
United States2,469,000Riverside-San Bernardino
44%
United States509,000Toledo
44%
China3,720,000Xiamen
44%
Belarus359,000Brest
43%
Italy586,000Catania
43%
Mexico362,000Ciudad Victoria
43%
Ecuador2,994,000Guayaquil
43%
Nigeria3,999,000Kano
43%
Russia1,272,000Kazan
43%
China652,000Macau
43%
China8,847,000Nanjing
43%
Russia1,664,000Novosibirsk
43%
South Africa1,254,000Port Elizabeth
43%
Canada386,000Victoria
43%
Turkey1,254,000Antalya
42%
Eritrea963,000Asmara
42%
Brazil2,334,000Belém
42%
Bangladesh5,020,000Chittagong
42%
United States716,000Columbia
42%
Ukraine957,000Dnipro
42%
United States514,000Little Rock
42%
United States487,000Madison
42%
Kenya1,296,000Mombasa
42%
Spain500,000Murcia
42%
Mauritania1,315,000Nouakchott
42%
United States743,000Rochester
42%
United States324,000Savannah
42%
United States447,000Spokane
42%
Poland641,000Wrocław
42%
Central African Republic889,000Bangui
41%
Italy476,000Cagliari
41%
Indonesia987,000Denpasar
41%
Belgium678,000Liège
41%
United States333,000Mobile
41%
Russia1,071,000Perm
41%
France354,000Rennes
41%
United States504,000Reno
41%
Indonesia2,944,000Surabaya
41%
Laos683,000Vientiane
41%
India2,210,000Agra
40%
Libya824,000Benghazi
40%
Romania308,000Cluj-Napoca
40%
Israel1,147,000Haifa
40%
India3,909,000Jaipur
40%
Germany332,000Mannheim
40%
Russia1,182,000Omsk
40%
Russia1,163,000Samara
40%
Iraq312,000Samarra
40%
Bolivia1,713,000Santa Cruz
40%
United States420,000Syracuse
40%
Russia1,136,000Ufa
40%
United States527,000Wichita
40%
United States509,000Winston-Salem
40%
Spain370,000Alicante
39%
Gambia451,000Banjul
39%
Mexico1,519,000Ciudad Juárez
39%
Israel (Palestine)714,000Gaza
39%
Australia699,000Gold Coast-Tweed Heads
39%
Switzerland442,000Lausanne
39%
Iraq1,630,000Mosul
39%
Bulgaria335,000Varna
39%
Japan5,529,000Fukuoka-Kitakyushu
38%
China7,642,000Hangzhou
38%
United States542,000Harrisburg
38%
United States352,000Montgomery
38%
Mexico3,195,000Puebla
38%
Canada325,000Saskatoon
38%
Poland401,000Szczecin
38%
United States691,000Bakersfield
37%
Colombia2,273,000Barranquilla
37%
Russia957,000Krasnodar
37%
India3,677,000Lucknow
37%
Trinidad and Tobago544,000Port of Spain
37%
Turkey1,986,000Bursa
36%
United States347,000Corpus Christi
36%
United States741,000Dayton
36%
Netherlands359,000Eindhoven
36%
United States361,000Greensboro
36%
Iran2,132,000Isfahan
36%
Canada562,000Kitchener-Cambridge-Waterloo
36%
United States326,000Lansing
36%
Malawi1,122,000Lilongwe
36%
Myanmar594,000Naypyidaw
36%
Bulgaria347,000Plovdiv
36%
Poland531,000Poznań
36%
India7,185,000Surat
36%
Finland342,000Tampere
36%
Spain307,000Vigo
36%
Philippines980,000Cebu City
35%
United States599,000Grand Rapids
35%
France528,000Grenoble
35%
United States741,000Knoxville
35%
Spain402,000Las Palmas
35%
Venezuela2,258,000Maracaibo
35%
Italy328,000Parma
35%
China5,620,000Qingdao
35%
United Kingdom342,000Reading-Wokingham
35%
Indonesia2,580,000Bandung
34%
Iraq1,352,000Basra
34%
Nigeria1,727,000Benin City
34%
United Kingdom426,000Coventry-Bedworth
34%
Brazil3,679,000Curitiba
34%
United States418,000Durham
34%
South Korea2,801,000Incheon
34%
Ukraine402,000Luhansk
34%
Myanmar1,438,000Mandalay
34%
Ukraine440,000Mariupol
34%
Mexico1,161,000Mérida
34%
Venezuela344,000Mérida
34%
Argentina1,532,000Rosario
34%
Spain305,000Valladolid
34%
Yemen980,000Aden
33%
United States565,000Akron
33%
United Kingdom506,000Bournemouth-Poole
33%
Colombia1,063,000Cartagena
33%
China515,000Dali
33%
United States334,000Lexington-Fayette
33%
Brazil445,000Volta Redonda-Barra Mansa
33%
Germany334,000Bielefeld
32%
Russia1,228,000Chelyabinsk
32%
Mexico1,055,000Chihuahua
32%
Peru471,000Cusco
32%
Cameroon3,663,000Douala
32%
China990,000Fuzhou
32%
China3,686,000Fuzhou
32%
China399,000Hami
32%
Mexico1,825,000León
32%
Mexico1,121,000Mexicali
32%
United States593,000New Haven
32%
United Kingdom316,000Newport
32%
India1,102,000Salem
32%
United States436,000Stockton
32%
United Kingdom341,000Sunderland
32%
South Korea2,199,000Daegu
31%
China5,618,000Dalian
31%
United States340,000Fort Wayne
31%
Canada767,000Hamilton
31%
Nigeria3,552,000Ibadan
31%
France579,000Toulon
31%
Belgium413,000Charleroi
30%
Germany515,000Duisburg
30%
Russia639,000Irkutsk
30%
Poland335,000Lublin
30%
Iran3,208,000Mashhad
30%
Indonesia2,338,000Medan
30%
Egypt737,000Port Said
30%
France470,000Rouen
30%
Argentina563,000Santa Fe
30%
China7,220,000Shenyang
30%
Iran1,651,000Shiraz
30%
United Kingdom386,000Stoke-on-Trent
30%
Egypt638,000Suez
30%
Russia1,068,000Voronezh
30%
China4,242,000Hefei
29%
China4,443,000Kunming
29%
United States1,012,000McAllen
29%
Italy684,000Padua
29%
Nigeria3,020,000Port Harcourt
29%
United States766,000Provo-Orem
29%
Romania307,000Timișoara
29%
United States329,000Trenton
29%
United States548,000Worcester
29%
Mexico979,000Acapulco
28%
Russia350,000Arkhangelsk
28%
Burundi1,013,000Bujumbura
28%
Benin692,000Cotonou
28%
Saudi Arabia1,253,000Dammam
28%
Pakistan3,462,000Faisalabad
28%
Belarus558,000Gomel
28%
United States315,000Laredo
28%
Italy356,000Modena
28%
Brazil1,457,000Natal
28%
Thailand432,000Phuket
28%
France360,000Tours
28%
Chile984,000Valparaíso
28%
Turkey1,771,000Adana
27%
United States444,000Augusta
27%
Italy892,000Bergamo
27%
United States421,000Chattanooga
27%
Vietnam1,125,000Da Nang
27%
Philippines1,825,000Davao City
27%
India2,893,000Nagpur
27%
China3,860,000Nanning
27%
Russia843,000Saratov
27%
United Kingdom387,000Teeside
27%
Morocco924,000Agadir
26%
United States953,000Bridgeport
26%
China4,578,000Changsha
26%
Turkey1,704,000Gaziantep
26%
Russia1,137,000Krasnoyarsk
26%
Iran1,288,000Qom
26%
Pakistan2,237,000Rawalpindi
26%
Brazil1,486,000São Luís
26%
Canada416,000St. Catharines-Niagara
26%
Russia328,000Yakutsk
26%
United States328,000Ann Arbor
25%
France470,000Avignon
25%
Italy484,000Brescia
25%
Iraq846,000Erbil
25%
United States345,000Flint
25%
Romania317,000Iași
25%
Afghanistan498,000Kandahar
25%
Germany318,000Karlsruhe
25%
Democratic Republic of the Congo2,478,000Lubumbashi
25%
Japan2,327,000Sendai
25%
United States322,000Shreveport
25%
United Kingdom312,000Southend-on-Sea
25%
China3,624,000Wenzhou
25%
Russia535,000Astrakhan
24%
India2,390,000Bhopal
24%
Germany376,000Bochum
24%
United States851,000Cape Coral
24%
Brazil2,690,000Goiânia
24%
South Korea343,000Jeju
24%
India3,124,000Kanpur
24%
Turkey1,328,000Konya
24%
Ghana3,348,000Kumasi
24%
Indonesia1,584,000Makassar
24%
Argentina1,173,000Mendoza
24%
France375,000Saint-Étienne
24%
Uzbekistan579,000Samarkand
24%
Philippines358,000San Pedro
24%
Tunisia630,000Sfax
24%
China4,327,000Shantou
24%
Germany349,000Wuppertal
24%
Ukraine736,000Zaporizhia
24%
China5,323,000Zhengzhou
24%
Peru923,000Arequipa
23%
Egypt345,000Aswan
23%
Brazil3,301,000Campinas
23%
Thailand1,167,000Chiang Mai
23%
United States491,000Lancaster-Palmdale
23%
Mexico705,000Oaxaca City
23%
Russia317,000Orel
23%
United States375,000Scranton
23%
Iran1,611,000Tabriz
23%
Russia596,000Tomsk
23%
Mexico919,000Veracruz
23%
Canada336,000Windsor
23%
Tanzania705,000Zanzibar
23%
Poland348,000Bydgoszcz
22%
United States337,000Fort Collins
22%
India3,017,000Indore
22%
United States497,000Lancaster
22%
China4,116,000Ningbo
22%
United States711,000Ogden-Layton
22%
Sudan484,000Port Sudan
22%
Russia or Ukraine (Crimea)340,000Simferopol
22%
United States763,000Allentown
21%
United States476,000Daytona Beach-Port Orange
21%
United States347,000Fayetteville
21%
United States504,000Fayetteville-Springdale
21%
Syria1,336,000Homs
21%
China5,360,000Ji'nan
21%
Taiwan1,538,000Kaohsiung
21%
India3,082,000Kochi
21%
Japan330,000Kochi
21%
United States358,000Lafayette
21%
India2,436,000Patna
21%
Pakistan2,203,000Peshawar
21%
Russia329,000Smolensk
21%
Indonesia527,000Surakarta
21%
China1,170,000Suzhou
21%
China7,070,000Suzhou
21%
Brazil1,892,000Baixada Santista
20%
Italy481,000Como
20%
Afghanistan606,000Herat
20%
United States384,000Huntsville
20%
Japan321,000Naha
20%
Honduras903,000San Pedro Sula
20%
Mexico2,467,000Toluca
20%
Russia359,000Vladimir
20%
China3,256,000Wuxi
20%
Turkey437,000Batman
19%
Bolivia1,304,000Cochabamba
19%
Belarus387,000Grodno
19%
China1,438,000Huainan
19%
United States411,000Modesto
19%
United Kingdom328,000Preston
19%
Mexico1,217,000San Luis Potosí
19%
Russia473,000Tula
19%
India329,000Arrah
18%
China4,426,000Changchun
18%
India1,472,000Jodhpur
18%
Russia465,000Kursk
18%
Russia569,000Orenburg
18%
Pakistan1,100,000Quetta
18%
Italy419,000Salerno
18%
Philippines432,000Santa Rosa
18%
United States331,000Santa Rosa
18%
United Arab Emirates1,685,000Sharjah
18%
India1,665,000Varanasi
18%
Belarus378,000Vitebsk
18%
Russia612,000Yaroslavl
18%
Indonesia440,000Yogyakarta
18%
Nigeria1,081,000Aba
17%
Russia408,000Belgorod
17%
United States529,000Greenville
17%
China3,081,000Lanzhou
17%
United States397,000Oxnard
17%
Indonesia1,723,000Palembang
17%
United States355,000Pensacola
17%
Congo1,214,000Pointe-Noire
17%
Argentina986,000San Miguel de Tucumán
17%
United States392,000Santa Clarita
17%
United States736,000Sarasota-Bradenton
17%
China3,891,000Taiyuan
17%
Brazil2,076,000Vitória
17%
Australia305,000Wollongong
17%
Mexico1,106,000Aguascalientes
16%
United States354,000Asheville
16%
United States683,000Concord
16%
United States401,000Concord
16%
China7,408,000Dongguan
16%
South Africa709,000East London
16%
Brazil1,239,000Florianópolis
16%
China1,889,000Haikou
16%
Ukraine619,000Kryvyi Rih
16%
Ukraine485,000Mykolaiv
16%
United States521,000Port St. Lucie
16%
United States324,000Rockford
16%
Russia540,000Ryazan
16%
Turkey643,000Samsun
16%
China4,114,000Shijiazhuang
16%
Russia700,000Tolyatti
16%
Russia425,000Tver
16%
India1,377,000Amritsar
15%
Philippines510,000Angeles
15%
Russia399,000Bryansk
15%
Angola778,000Cabinda
15%
India2,787,000Coimbatore
15%
Chile881,000Concepción
15%
Algeria414,000Constantine
15%
France501,000Douai-Lens
15%
South Korea1,522,000Gwangju
15%
Malaysia1,024,000Johor Bahru
15%
Democratic Republic of the Congo466,000Kabinda
15%
Russia633,000Khabarovsk
15%
Iraq1,013,000Kirkuk
15%
Russia600,000Makhachkala
15%
Democratic Republic of the Congo2,525,000Mbuji-Mayi
15%
Pakistan2,015,000Multan
15%
Taiwan4,398,000New Taipei
15%
Italy377,000Pescara
15%
Argentina685,000Salta
15%
Australia347,000Sunshine Coast
15%
Taiwan1,321,000Taichung
15%
United States357,000Youngstown
15%
China2,640,000Zibo
15%
Chile439,000Antofagasta
14%
Equatorial Guinea415,000Bata
14%
China7,327,000Foshan
14%
China1,603,000Jilin
14%
Brazil1,378,000João Pessoa
14%
Turkey1,016,000Mersin
14%
Belarus388,000Mogilev
14%
China3,598,000Nanchang
14%
Russia444,000Ulan-Ude
14%
Russia625,000Ulyanovsk
14%
Colombia1,331,000Bucaramanga
13%
Mexico631,000Durango
13%
China3,317,000Guiyang
13%
Syria922,000Hama
13%
Somalia989,000Hargeisa
13%
Mexico868,000Hermosillo
13%
China2,163,000Hohhot
13%
Russia403,000Ivanovo
13%
Russia513,000Kirov
13%
United States344,000Lakeland
13%
Argentina884,000La Plata
13%
Russia507,000Lipetsk
13%
United States377,000Myrtle Beach
13%
Indonesia1,866,000Semarang
13%
India1,586,000Srinagar
13%
Russia450,000Stavropol
13%
Yemen845,000Taiz
13%
Peru865,000Trujillo
13%
Russia843,000Tyumen
13%
India2,175,000Visakhapatnam
13%
India1,394,000Allahabad
12%
Venezuela1,214,000Barquisimeto
12%
United Kingdom329,000Birkenhead
12%
India1,148,000Chandigarh
12%
Russia357,000Chita
12%
Vietnam400,000Huế
12%
Peru470,000Iquitos
12%
Russia651,000Izhevsk
12%
Democratic Republic of the Congo1,261,000Kisangani
12%
India1,387,000Kota
12%
Italy449,000Latina
12%
Brazil1,323,000Maceió
12%
India1,734,000Madurai
12%
Venezuela1,203,000Maracay
12%
Japan804,000Niigata
12%
Japan725,000Okayama
12%
Russia523,000Penza
12%
Mexico1,339,000Querétaro
12%
Taiwan850,000Tainan
12%
Italy326,000Vicenza
12%
Iran1,244,000Ahvaz
11%
India1,208,000Bhilai
11%
Malawi932,000Blantyre
11%
Brazil897,000Campo Grande
11%
Democratic Republic of the Congo634,000Goma
11%
Vietnam1,300,000Haiphong
11%
United States467,000Indio-Cathedral City-Palm Springs
11%
Nigeria1,113,000Kaduna
11%
China2,387,000Luoyang
11%
India1,210,000Mysore
11%
Japan372,000Nagano
11%
United States507,000Poughkeepsie-Newburgh
11%
India1,878,000Rajkot
11%
Japan2,922,000Shizuoka-Hamamatsu
11%
Kazakhstan1,058,000Shymkent
11%
South Korea910,000Ulsan
11%
India2,190,000Vadodara
11%
China1,629,000Anshan
10%
China2,190,000Baotou
10%
Angola715,000Benguela
10%
Zimbabwe638,000Bulawayo
10%
Brazil589,000Cuiabá
10%
Turkey1,039,000Diyarbakır
10%
Azerbaijan341,000Ganja
10%
Pakistan2,229,000Gujranwala
10%
North Korea549,000Hamhung
10%
Nigeria895,000Jos
10%
Russia349,000Kaluga
10%
Turkey974,000Kayseri
10%
India1,857,000Ludhiana
10%
Argentina666,000Mar del Plata
10%
Morocco554,000Meknes
10%
Canada398,000Oshawa
10%
Brazil510,000Porto Velho
10%
Mexico516,000Puerto Vallarta
10%
Italy367,000Reggio Emilia
10%
Brazil1,021,000Teresina
10%
Ukraine375,000Vinnytsia
10%
Russia317,000Vologda
10%
China2,146,000Xuzhou
10%
United States (Puerto Rico)300,000Aguadilla-Isabela-San Sebastián
9%
Tanzania493,000Arusha
9%
Iran607,000Bandar Abbas
9%
Russia640,000Barnaul
9%
Brazil344,000Boa Vista
9%
Cuba310,000Camagüey
9%
China3,625,000Changzhou
9%
United States445,000Denton-Lewisville
9%
China2,525,000Huizhou
9%
Democratic Republic of the Congo1,458,000Kananga
9%
Kazakhstan505,000Karaganda
9%
United States528,000Kissimmee
9%
Russia421,000Magnitogorsk
9%
Nigeria786,000Maiduguri
9%
China2,276,000Nantong
9%
India2,066,000Nashik
9%
India836,000Puducherry
9%
Mexico984,000Saltillo
9%
China1,348,000Taizhou
9%
China1,935,000Taizhou
9%
Italy374,000Treviso
9%
France338,000Valenciennes
9%
United States401,000Visalia
9%
Russia302,000Vladikavkaz
9%
Nigeria856,000Warri
9%
China2,527,000Yantai
9%
United Arab Emirates611,000Al Ain
8%
United States353,000Antioch
8%
Mozambique570,000Beira
8%
Thailand550,000Chiang Rai
8%
Venezuela402,000Ciudad Bolívar
8%
Paraguay322,000Ciudad del Este
8%
China1,609,000Cixi
8%
Mexico1,075,000Cuernavaca
8%
Nigeria773,000Enugu
8%
Turkey431,000Erzurum
8%
China1,134,000Guilin
8%
Indonesia314,000Jayapura
8%
Japan591,000Kagoshima
8%
Russia566,000Kemerovo
8%
India3,555,000Kozhikode
8%
Japan743,000Kumamoto
8%
Syria656,000Latakia
8%
Nigeria1,415,000Onitsha
8%
China1,560,000Qiqihar
8%
India1,642,000Raipur
8%
India1,439,000Ranchi
8%
Syria522,000Raqqa
8%
Mexico899,000Reynosa
8%
Oman420,000Salalah
8%
Russia322,000Saransk
8%
Mexico1,001,000Tampico
8%
China3,426,000Tangshan
8%
India2,585,000Thiruvananthapuram
8%
China2,654,000Weifang
8%
United Arab Emirates392,000Ajman
7%
Japan307,000Akita
7%
Brazil1,009,000Aracaju
7%
China1,976,000Baoding
7%
Indonesia1,546,000Batam
7%
Israel638,000Beersheba
7%
India1,163,000Bhubaneswar
7%
Venezuela918,000Ciudad Guayana
7%
Colombia933,000Cúcuta
7%
Mexico839,000Culiacán
7%
Turkey784,000Eskişehir
7%
Angola671,000Huambo
7%
Turkey347,000İzmit
7%
China435,000Ji'an
7%
Iran541,000Kerman
7%
China1,937,000Linyi
7%
China2,165,000Liuzhou
7%
Afghanistan533,000Mazar-i-Sharif
7%
Mexico455,000Mazatlán
7%
India1,696,000Meerut
7%
Tanzania1,120,000Mwanza
7%
Mexico447,000Nuevo Laredo
7%
Nigeria428,000Oyo
7%
China1,694,000Quanzhou
7%
United States848,000Temecula-Murrieta
7%
Brazil687,000Uberlândia
7%
India2,040,000Vijayawada
7%
China1,870,000Wuhu
7%
China1,539,000Xining
7%
China1,759,000Zhuhai
7%
Kazakhstan431,000Aktobe
6%
South Korea568,000Anyang
6%
China1,460,000Anyang
6%
India1,558,000Aurangabad
6%
Argentina316,000Bahía Blanca
6%
India1,255,000Bareilly
6%
Burkina Faso972,000Bobo-Dioulasso
6%
Russia506,000Cheboksary
6%
Ecuador418,000Cuenca
6%
South Korea1,566,000Daejon
6%
China1,859,000Daqing
6%
India1,117,000Guwahati
6%
India1,378,000Gwalior
6%
China2,727,000Handan
6%
China2,655,000Huai'an
6%
Nigeria950,000Ilorin
6%
India1,450,000Jabalpur
6%
India702,000Jammu
6%
India1,599,000Jamshedpur
6%
Brazil1,303,000Joinville
6%
China1,274,000Kaifeng
6%
Iran1,026,000Kermanshah
6%
Bangladesh954,000Khulna
6%
Malaysia612,000Kuching
6%
Russia314,000Kurgan
6%
China823,000Luzhou
6%
Brazil486,000Macapá
6%
Indonesia887,000Malang
6%
India713,000Mangalore
6%
Mexico563,000Matamoros
6%
Nigeria448,000Minna
6%
Libya881,000Misrata
6%
Mexico949,000Morelia
6%
Russia535,000Naberezhnye Chelny
6%
Argentina409,000Neuquén-Plottier-Cipolletti
6%
Indonesia1,205,000Pekan Baru
6%
Brazil370,000Rio Branco
6%
Venezuela471,000San Cristóbal
6%
Colombia527,000Santa Marta
6%
China625,000Sanya
6%
Turkey366,000Sivas
6%
Taiwan2,245,000Taoyuan
6%
Morocco421,000Tétouan
6%
Jordan327,000Tila al-Ali
6%
Mexico848,000Tuxtla Gutiérrez
6%
United States537,000Victorville-Hesperia-Apple Valley
6%
Mexico898,000Villahermosa
6%
China1,993,000Yangzhou
6%
Mexico369,000Zacatecas
6%
China1,187,000Zhuzhou
6%
Brazil385,000Anápolis
5%
India1,431,000Asansol
5%
Egypt461,000Asyut
5%
Indonesia682,000Balikpapan
5%
Indonesia1,092,000Bandar Lampung
5%
Indonesia3,394,000Bekasi
5%
Italy428,000Caserta
5%
Australia335,000Central Coast
5%
Thailand1,399,000Chon Buri
5%
Vietnam1,618,000Cần Thơ
5%
Mexico410,000Colima
5%
China1,745,000Datong
5%
Turkey645,000Denizli
5%
Ethiopia408,000Dire Dawa
5%
Mexico335,000Ensenada
5%
Iraq347,000Fallujah
5%
China639,000Hegang
5%
China1,527,000Hengyang
5%
Malaysia814,000Ipoh
5%
Iraq555,000Karbala
5%
Brazil886,000Londrina
5%
Ukraine339,000Makiivka
5%
China1,205,000Maoming
5%
Iraq874,000Najaf
5%
Mozambique848,000Nampula
5%
China1,258,000Nanchong
5%
Russia350,000Nizhny Tagil
5%
Russia551,000Novokuznetsk
5%
Japan479,000Ōita
5%
Bolivia318,000Oruro
5%
Morocco559,000Oujda
5%
Kazakhstan335,000Pavlodar
5%
South Africa527,000Pietermaritzburg
5%
Nepal421,000Pokhara
5%
Indonesia668,000Pontianak
5%
China1,907,000Putian
5%
China1,535,000Qinhuangdao
5%
Turkey591,000Sanliurfa
5%
Nigeria641,000Sokoto
5%
India1,031,000Solapur
5%
China1,339,000Tai'an
5%
Indonesia2,339,000Tangerang
5%
United States570,000The Woodlands
5%
Senegal377,000Thiès
5%
Mexico596,000Tlaxcala
5%
India569,000Udaipur
5%
China1,304,000Weihai
5%
China697,000Wuzhou
5%
Mexico776,000Xalapa
5%
China1,081,000Xinxiang
5%
Iran565,000Yazd
5%
Philippines917,000Zamboanga City
5%
Nigeria726,000Zaria
5%
China872,000Zhangzhou
5%
India614,000Ajmer
4%
India1,211,000Aligarh
4%
Indonesia513,000Ambon
4%
Algeria358,000Annaba
4%
Russia515,000Balashikha
4%
Indonesia732,000Banjarmasin
4%
China1,157,000Benxi
4%
France358,000Béthune
4%
Philippines753,000Cagayan de Oro
4%
Brazil484,000Caxias do Sul
4%
South Korea1,056,000Changwon
4%
Russia320,000Cherepovets
4%
India742,000Cuttack
4%
China877,000Dandong
4%
India1,331,000Dhanbad
4%
China1,285,000Fushun
4%
China1,285,000Ganzhou
4%
Turkey745,000Gebze
4%
Philippines653,000General Santos
4%
Ethiopia362,000Gondar
4%
Saudi Arabia400,000Ha'il
4%
China1,142,000Huaibei
4%
Philippines472,000Iloilo City
4%
Jordan557,000Irbid
4%
India1,054,000Jalandhar
4%
China1,494,000Jining
4%
Iran1,580,000Karaj
4%
Taiwan369,000Keelung
4%
Malaysia550,000Kota Kinabalu
4%
Iraq471,000Kut
4%
Chile484,000La Serena-Coquimbo
4%
Turkey496,000Malatya
4%
Japan399,000Miyazaki
4%
Mexico633,000Pachuca
4%
Indonesia980,000Padang
4%
Colombia580,000Pereira
4%
Peru474,000Piura
4%
Russia324,000Podolsk
4%
Argentina432,000Resistencia
4%
Brazil714,000Ribeirão Preto
4%
Brazil722,000São José dos Campos
4%
Pakistan705,000Sialkot
4%
India1,020,000Siliguri
4%
Iraq739,000Sulaimaniya
4%
Russia390,000Surgut
4%
Bangladesh852,000Sylhet
4%
Saudi Arabia657,000Tabuk
4%
Saudi Arabia689,000Ta'if
4%
Ghana642,000Tamale
4%
Syria424,000Tartus
4%
Mexico546,000Tepic
4%
Nigeria1,136,000Uyo
4%
Russia330,000Volzhsky
4%
China1,658,000Xiangyang
4%
China1,579,000Yinchuan
4%
China1,334,000Yiwu
4%
Jordan729,000Zarqa
4%
China1,287,000Zhanjiang
4%
China2,914,000Zhongshan
4%
Niger489,000Zinder
4%
Ethiopia378,000Adama
3%
Turkey539,000Adapazarı
3%
India370,000Aizawl
3%
China413,000Aksu
3%
Nigeria666,000Akure
3%
Yemen669,000Al Hudaydah
3%
Iran568,000Ardabil
3%
Colombia410,000Armenia
3%
Japan331,000Asahikawa
3%
Turkey319,000Balıkesir
3%
China1,165,000Baoji
3%
Italy341,000Barletta
3%
China902,000Bengbu
3%
Somalia499,000Berbera
3%
Brazil348,000Blumenau
3%
Indonesia1,160,000Bogor
3%
Ivory Coast572,000Bouaké
3%
Democratic Republic of the Congo1,078,000Bukavu
3%
Nigeria579,000Calabar
3%
Brazil400,000Campina Grande
3%
Brazil451,000Campos dos Goytacazes
3%
China830,000Changde
3%
Peru637,000Chiclayo
3%
China1,165,000Chifeng
3%
North Korea642,000Chongjin
3%
Indonesia320,000Cirebon
3%
Mexico372,000Ciudad Obregón
3%
Argentina408,000Corrientes
3%
India919,000Dehradun
3%
Indonesia2,727,000Depok
3%
Sudan481,000El-Obeid
3%
Egypt410,000Faiyum
3%
Brazil602,000Feira de Santana
3%
Cameroon346,000Garoua
3%
India565,000Gaya
3%
Taiwan451,000Hsinchu
3%
Peru386,000Huancayo
3%
India1,117,000Hubli-Dharwad
3%
China988,000Huzhou
3%
Colombia586,000Ibagué
3%
Nigeria374,000Ifẹ
3%
India576,000Imphal
3%
Egypt354,000Ismailia
3%
Indonesia626,000Jambi
3%
China1,145,000Jinzhou
3%
Brazil461,000Juazeiro do Norte
3%
Brazil575,000Juiz de Fora
3%
Turkey547,000Kahramanmaraş
3%
Japan466,000Kanazawa
3%
Sudan364,000Kassala
3%
Morocco480,000Kenitra
3%
Kenya355,000Kisumu
3%
Zambia686,000Kitwe
3%
India619,000Kolhapur
3%
Italy308,000Lecco
3%
China1,820,000Lianyungang
3%
Angola426,000Lobito
3%
Angola828,000Lubango
3%
China1,019,000Ma'anshan
3%
Indonesia443,000Manado
3%
Turkey381,000Manisa
3%
Egypt556,000Mansoura
3%
Brazil420,000Maringá
3%
Mozambique1,706,000Matola
3%
Japan510,000Matsuyama
3%
Ethiopia524,000Mekelle
3%
China1,276,000Mianyang
3%
United States636,000Mission Viejo
3%
India1,197,000Moradabad
3%
Uzbekistan529,000Namangan
3%
China1,143,000Nanyang
3%
Uzbekistan338,000Nukus
3%
Sudan923,000Nyala
3%
Nigeria551,000Ogbomosho
3%
China707,000Ordos
3%
Nigeria714,000Osogbo
3%
Nigeria873,000Owerri
3%
Colombia388,000Pasto
3%
Brazil326,000Pelotas
3%
Brazil477,000Petrolina-Juazeiro
3%
Thailand441,000Phra Nakhon Si Ayutthaya
3%
China1,160,000Pingdingshan
3%
South Korea359,000Pohang
3%
South Africa426,000Polokwane
3%
China632,000Puyang
3%
Mozambique415,000Quelimane
3%
Bangladesh908,000Rajshahi
3%
Bangladesh407,000Rangpur
3%
Iran713,000Rasht
3%
China1,271,000Rizhao
3%
Indonesia1,010,000Samarinda
3%
Malaysia375,000Sandakan
3%
Philippines328,000San Fernando
3%
Iran321,000Sari
3%
China2,540,000Shaoxing
3%
Brazil786,000Sorocaba
3%
Azerbaijan354,000Sumqayit
3%
Peru320,000Tacna
3%
Egypt501,000Tanta
3%
India3,068,000Thrissur
3%
India1,165,000Tiruchirappalli
3%
Madagascar434,000Toamasina
3%
Japan413,000Toyama
3%
Brazil333,000Uberaba
3%
Colombia544,000Villavicencio
3%
North Korea353,000Wonsan
3%
China1,143,000Xiangtan
3%
China1,864,000Yancheng
3%
China1,548,000Yichang
3%
Iran610,000Zahedan
3%
China1,435,000Zhangjiakou
3%
Nigeria533,000Abeokuta
2%
India575,000Agartala
2%
Costa Rica366,000Alajuela
2%
Qatar738,000Al Rayyan
2%
Iraq656,000Amarah
2%
India752,000Amravati
2%
Uzbekistan443,000Andijan
2%
South Korea761,000Ansan
2%
Madagascar356,000Antsirabe
2%
Iran551,000Arak
2%
Philippines613,000Bacolod
2%
Cameroon424,000Bafoussam
2%
Philippines373,000Baguio
2%
Cameroon533,000Bamenda
2%
Algeria329,000Batna
2%
Nigeria598,000Bauchi
2%
Brazil376,000Bauru
2%
China443,000Bayannur
2%
China487,000Beihai
2%
India725,000Belgaum
2%
India700,000Bhavnagar
2%
India772,000Bikaner
2%
China1,084,000Binzhou
2%
Algeria473,000Blida
2%
China742,000Bozhou
2%
South Korea832,000Bucheon
2%
Colombia451,000Buenaventura
2%
Italy654,000Busto Arsizio
2%
China561,000Cangzhou
2%
Brazil331,000Caruaru
2%
Brazil314,000Cascavel
2%
China939,000Changshu
2%
China846,000Changzhi
2%
China1,428,000Chaozhou
2%
China880,000Chengde
2%
China960,000Chenzhou
2%
South Korea717,000Cheongju
2%
Peru389,000Chimbote
2%
Mexico395,000Coatzacoalcos
2%
Syria323,000Deir ez-Zor
2%
China986,000Dezhou
2%
Algeria503,000Djelfa
2%
China1,276,000Dongying
2%
India675,000Durgapur
2%
South Africa3,894,000Ekurhuleni
2%
Turkey408,000Elazığ
2%
Kenya394,000Eldoret
2%
India635,000Erode
2%
China668,000Ezhou
2%
Japan465,000Fukuyama
2%
China839,000Fuxin
2%
China1,036,000Fuyang
2%
South Korea314,000Gimhae
2%
Nigeria509,000Gombe
2%
India758,000Gorakhpur
2%
South Korea1,069,000Goyang
2%
Pakistan419,000Gujrat
2%
India854,000Guntur
2%
Iran578,000Hamadan
2%
Costa Rica341,000Heredia
2%
China795,000Heze
2%
Iraq604,000Hillah
2%
Saudi Arabia837,000Hufuf
2%
Yemen649,000Ibb
2%
Mexico453,000Irapuato
2%
Japan356,000Iwaki
2%
India645,000Jamnagar
2%
South Korea663,000Jeonju
2%
India643,000Jhansi
2%
China716,000Jiamusi
2%
China1,687,000Jiangmen
2%
China843,000Jiangyin
2%
China767,000Jiaozuo
2%
China1,260,000Jiaxing
2%
China1,147,000Jieyang
2%
China1,038,000Jingzhou
2%
China1,122,000Jinhua
2%
China950,000Jixi
2%
India397,000Junagadh
2%
Brazil679,000Jundiaí
2%
India514,000Kakinada
2%
India2,167,000Kannur
2%
Nigeria470,000Katsina
2%
Iran394,000Khorramabad
2%
Democratic Republic of the Congo507,000Kikwit
2%
Somalia471,000Kismayo
2%
India1,852,000Kollam
2%
Japan331,000Kōriyama
2%
Malaysia384,000Kuala Terengganu
2%
Malaysia503,000Kuantan
2%
Japan476,000Kurashiki
2%
Mexico1,615,000La Laguna
2%
China740,000Langfang
2%
China987,000Leshan
2%
China858,000Linfen
2%
Mexico313,000Los Mochis
2%
Japan331,000Maebashi
2%
Colombia448,000Manizales
2%
Democratic Republic of the Congo390,000Matadi
2%
Indonesia505,000Mataram
2%
India588,000Mathura
2%
Venezuela695,000Maturín
2%
Tanzania566,000Mbeya
2%
China398,000Meizhou
2%
Somalia666,000Merca
2%
Mexico361,000Monclova
2%
Colombia426,000Montería
2%
Brazil398,000Montes Claros
2%
China926,000Mudanjiang
2%
Yemen506,000Mukalla
2%
Saudi Arabia410,000Najran
2%
Thailand774,000Nakhon Ratchasima
2%
Kenya383,000Nakuru
2%
Zambia542,000Ndola
2%
India751,000Nellore
2%
Vietnam329,000Nha Trang
2%
Italy325,000Nola
2%
Thailand963,000Nonthaburi
2%
Kazakhstan328,000Oskemen
2%
China1,053,000Panjin
2%
China707,000Panzhihua
2%
Benin358,000Parakou
2%
India599,000Patiala
2%
Brazil401,000Piracicaba
2%
Brazil349,000Ponta Grossa
2%
Argentina389,000Posadas
2%
Mexico565,000Poza Rica
2%
Iran420,000Qazvin
2%
China735,000Qingyuan
2%
China758,000Quzhou
2%
United States370,000Round Lake Beach-McHenry-Grayslake
2%
Morocco324,000Safi
2%
India1,054,000Saharanpur
2%
Iran445,000Sanandaj
2%
Brazil439,000São José do Rio Preto
2%
Ghana946,000Sekondi-Takoradi
2%
Kazakhstan321,000Semey
2%
South Korea944,000Seongnam
2%
Algeria313,000Sétif
2%
China827,000Shangqiu
2%
China1,029,000Shangrao
2%
China761,000Shaoguan
2%
India460,000Shillong
2%
Mali386,000Sikasso
2%
Thailand967,000Songkhla
2%
China1,440,000Suqian
2%
Thailand496,000Surat Thani
2%
Japan420,000Takamatsu
2%
Japan369,000Takasaki
2%
Kazakhstan366,000Taraz
2%
Brazil313,000Taubaté-Pindamonhangaba
2%
Chile342,000Temuco
2%
China1,190,000Tengzhou
2%
Mozambique371,000Tete
2%
India566,000Tirunelveli
2%
India1,496,000Tiruppur
2%
China702,000Tongliao
2%
Thailand570,000Udon Thani
2%
India607,000Ujjain
2%
Iran793,000Urmia
2%
Mexico330,000Uruapan
2%
Japan522,000Utsunomiya
2%
Colombia533,000Valledupar
2%
South Africa774,000Vereeniging
2%
Pakistan422,000Wah Cantonment
2%
Germany330,000Westphalia
2%
China630,000Wuhai
2%
China831,000Xingtai
2%
China797,000Xinyang
2%
China814,000Yibin
2%
China598,000Yichun
2%
China918,000Yichun
2%
China1,214,000Yingkou
2%
South Korea1,083,000Yongin
2%
China1,010,000Yueyang
2%
China696,000Yulin
2%
China614,000Yulin
2%
China360,000Yunfu
2%
Egypt358,000Zagazig
2%
Iran467,000Zanjan
2%
China1,088,000Zaozhuang
2%
China1,174,000Zhenjiang
2%
China647,000Zhoushan
2%
China891,000Zhucheng
2%
China737,000Zigong
2%
China1,281,000Zunyi
2%
Nigeria572,000Abakaliki
1%
Benin1,056,000Abomey-Calavi
1%
Venezuela339,000Acarigua
1%
Nigeria480,000Ado Ekiti
1%
India404,000Ahmednagar
1%
India451,000Akola
1%
Syria391,000Al-Hasakah
1%
Jordan385,000Al-Quwaysimah
1%
India429,000Alwar
1%
India372,000Anand
1%
India449,000Anantapur
1%
China636,000Ankang
1%
China727,000Anqing
1%
China600,000Anshun
1%
Philippines881,000Antipolo
1%
Philippines686,000Bacoor
1%
Pakistan845,000Bahawalpur
1%
China333,000Baicheng
1%
China822,000Baishan
1%
China405,000Baiyin
1%
India414,000Bardhaman
1%
Venezuela380,000Barinas
1%
Bangladesh484,000Barisal
1%
Philippines355,000Batangas City
1%
India368,000Bathinda
1%
China992,000Bazhong
1%
India468,000Begusarai
1%
India521,000Bellary
1%
Indonesia401,000Bengkulu
1%
India407,000Berhampore
1%
India479,000Bhagalpur
1%
India452,000Bhilwara
1%
India859,000Bhiwandi
1%
Vietnam1,013,000Biên Hòa
1%
India373,000Bihar Sharif
1%
India414,000Bijapur
1%
China638,000Bijie
1%
India600,000Bilaspur
1%
Nigeria366,000Birnin Kebbi
1%
Bangladesh775,000Bogra
1%
India634,000Bokaro Steel City
1%
India408,000Brahmapur
1%
Democratic Republic of the Congo679,000Bunia
1%
Saudi Arabia669,000Buraidah
1%
Philippines365,000Butuan
1%
Venezuela578,000Cabimas
1%
Mexico681,000Celaya
1%
India352,000Chandrapur
1%
China393,000Changji
1%
Thailand360,000Chanthaburi
1%
China539,000Chaoyang
1%
South Korea680,000Cheonan
1%
Mozambique425,000Chimoio
1%
Zimbabwe386,000Chitungwiza
1%
China458,000Chizhou
1%
China522,000Chuzhou
1%
Bangladesh589,000Comilla
1%
Philippines328,000Cotabato
1%
Mexico517,000Cuautla
1%
Venezuela393,000Cumaná
1%
China389,000Danzhou
1%
India351,000Darbhanga
1%
India512,000Davanagere
1%
China682,000Dazhou
1%
China674,000Dengzhou
1%
Pakistan451,000Dera Ghazi Khan
1%
India356,000Dewas
1%
China857,000Deyang
1%
Yemen351,000Dhamar
1%
India410,000Dhule
1%
India386,000Dindigul
1%
Iraq513,000Diwaniyah
1%
Benin343,000Djougou
1%
Egypt518,000El-Mahalla el-Kubra
1%
China587,000Enshi
1%
Iran498,000Eslamshahr
1%
China420,000Fangchenggang
1%
India821,000Firozabad
1%
Brazil352,000Franca
1%
China330,000Fujin
1%
China585,000Fuqing
1%
India390,000Gandhidham
1%
Nigeria442,000Gboko
1%
Iran368,000Gorgan
1%
China539,000Guangyuan
1%
Venezuela452,000Guarenas-Guatire
1%
China891,000Guigang
1%
India673,000Gulbarga
1%
South Korea387,000Gumi
1%
South Korea346,000Gwangmyeong
1%
Saudi Arabia353,000Hafar Al-Batin
1%
China783,000Haicheng
1%
China605,000Hanzhong
1%
India426,000Haridwar
1%
China566,000Hebi
1%
China415,000Hechi
1%
China857,000Hengshui
1%
China524,000Heyuan
1%
China625,000Hezhou
1%
India494,000Hosur
1%
China752,000Huaihua
1%
China398,000Huangshan
1%
China828,000Huangshi
1%
China775,000Huludao
1%
India367,000Ichalkaranji
1%
Nigeria938,000Ikorodu
1%
Nigeria383,000Ikot Ekpene
1%
Nigeria357,000Ilesa
1%
Philippines528,000Imus
1%
Brazil522,000Ipatinga
1%
Philippines533,000Isabela
1%
India565,000Jalgaon
1%
India341,000Jalna
1%
Pakistan438,000Jhang
1%
China336,000Jiayuguan
1%
China734,000Jincheng
1%
China396,000Jingdezhen
1%
China489,000Jingmen
1%
China498,000Jinjiang
1%
China600,000Jinzhong
1%
China913,000Jiujiang
1%
China382,000Jiuquan
1%
Saudi Arabia606,000Jubail
1%
India443,000Kadapa
1%
China348,000Kaili
1%
China457,000Karamay
1%
India395,000Karimnagar
1%
India402,000Karnal
1%
Iran329,000Kashan
1%
Pakistan382,000Kasur
1%
Saudi Arabia548,000Khamis Mushait
1%
India339,000Khammam
1%
India327,000Kharagpur
1%
Saudi Arabia329,000Khobar
1%
Thailand503,000Khon Kaen
1%
Democratic Republic of the Congo495,000Kolwezi
1%
India418,000Korba
1%
China761,000Korla
1%
Malaysia348,000Kota Bharu
1%
India696,000Kottayam
1%
China738,000Kunshan
1%
India665,000Kurnool
1%
Japan305,000Kurume
1%
Nigeria336,000Lafia
1%
China908,000Laiwu
1%
Thailand449,000Lampang
1%
Thailand317,000Lamphun
1%
Pakistan534,000Larkana
1%
India479,000Latur
1%
China761,000Liaocheng
1%
China856,000Liaoyang
1%
China375,000Liaoyuan
1%
Democratic Republic of the Congo568,000Likasi
1%
China813,000Liling
1%
China408,000Linzhou
1%
Philippines385,000Lipa
1%
China422,000Lishui
1%
China1,077,000Liupanshui
1%
China1,169,000Liuyang
1%
China454,000Liyang
1%
Nigeria692,000Lokoja
1%
China692,000Longyan
1%
Thailand437,000Lopburi
1%
China639,000Loudi
1%
Cameroon498,000Loum
1%
China442,000Lüliang
1%
China1,040,000Luohe
1%
Nigeria407,000Makurdi
1%
Angola665,000Malanje
1%
India3,391,000Malappuram
1%
India427,000Malda City
1%
India716,000Malegaon
1%
China337,000Manzhouli
1%
Pakistan381,000Mardan
1%
Democratic Republic of the Congo443,000Mbandaka
1%
Cameroon486,000Mbouda
1%
China723,000Meishan
1%
Mexico401,000Minatitlán
1%
India346,000Morbi
1%
Tanzania409,000Morogoro
1%
India717,000Muzaffarnagar
1%
India504,000Muzaffarpur
1%
Bangladesh460,000Mymensingh
1%
China491,000Nanping
1%
Iraq617,000Nasiriyah
1%
Colombia357,000Neiva
1%
China334,000Ningde
1%
India333,000Nizamabad
1%
Nigeria1,051,000Nnewi
1%
Pakistan393,000Okara
1%
Nigeria465,000Okene
1%
Nigeria432,000Ondo
1%
Mexico475,000Orizaba
1%
India368,000Palakkad
1%
India548,000Panipat
1%
India359,000Parbhani
1%
Thailand914,000Pathum Thani
1%
Indonesia313,000Pekalongan
1%
China380,000Pingliang
1%
China929,000Pingxiang
1%
India478,000Purnia
1%
China363,000Qidong
1%
China520,000Qingzhou
1%
China644,000Qinzhou
1%
China579,000Qitaihe
1%
China366,000Qufu
1%
China942,000Qujing
1%
Pakistan464,000Rahim Yar Khan
1%
India544,000Rajahmundry
1%
Iraq452,000Ramadi
1%
India426,000Rampur
1%
India316,000Ratlam
1%
Thailand538,000Rayong
1%
India467,000Rohtak
1%
Thailand441,000Roi Et
1%
India354,000Roorkee
1%
India623,000Rourkela
1%
Senegal347,000Rufisque
1%
China1,169,000Rui'an
1%
Kenya389,000Ruiru
1%
Jordan524,000Russeifa
1%
South Africa509,000Rustenburg
1%
India437,000Sagar
1%
Pakistan431,000Sahiwal
1%
Thailand1,307,000Samut Prakan
1%
India584,000Sangli
1%
China561,000Sanmenxia
1%
China372,000Sanming
1%
Pakistan700,000Sargodha
1%
India343,000Satna
1%
Italy620,000Seregno
1%
Malaysia475,000Seremban
1%
India374,000Shahjahanpur
1%
Nigeria376,000Shaki
1%
China430,000Shanwei
1%
China714,000Shaoyang
1%
Pakistan517,000Sheikhupura
1%
China401,000Shengzhou
1%
China330,000Shihezi
1%
India375,000Shimoga
1%
China585,000Shishi
1%
China1,241,000Shiyan
1%
China514,000Shizuishan
1%
China503,000Shuangyashan
1%
China563,000Shuozhou
1%
South Korea440,000Siheung
1%
North Korea326,000Sinuiju
1%
China594,000Siping
1%
Tanzania353,000Songea
1%
China513,000Songyuan
1%
South Africa853,000Soshanguve
1%
China422,000Suihua
1%
China700,000Suining
1%
China445,000Suizhou
1%
Indonesia340,000Sukabumi
1%
Pakistan534,000Sukkur
1%
China525,000Taishan
1%
Indonesia1,056,000Tasikmalaya
1%
Mexico342,000Tehuacán
1%
India337,000Thanjavur
1%
India561,000Thoothukudi
1%
China870,000Tianmen
1%
China765,000Tianshui
1%
China412,000Tieling
1%
India679,000Tirupati
1%
China573,000Tonghua
1%
China697,000Tongling
1%
Japan371,000Toyohashi
1%
Democratic Republic of the Congo919,000Tshikapa
1%
India361,000Tumkur
1%
Thailand495,000Ubon Ratchathani
1%
Angola511,000Uíge
1%
South Korea424,000Uijeongbu
1%
Nigeria774,000Umuahia
1%
Democratic Republic of the Congo590,000Uvira
1%
India569,000Vellore
1%
Brazil328,000Vitória da Conquista
1%
Vietnam418,000Vũng Tàu
1%
Sudan374,000Wad Madani
1%
India960,000Warangal
1%
China553,000Weinan
1%
China356,000Wenchang
1%
China1,037,000Wenling
1%
South Africa898,000West Rand
1%
China400,000Wuwei
1%
China350,000Xianning
1%
China589,000Xiantao
1%
China715,000Xianyang
1%
China783,000Xiaogan
1%
China791,000Xinghua
1%
China560,000Xinyi
1%
China401,000Xinyi
1%
China374,000Xinzhou
1%
China467,000Xuancheng
1%
China968,000Xuchang
1%
China679,000Yan'an
1%
Saudi Arabia335,000Yanbu
1%
China890,000Yangjiang
1%
China794,000Yangquan
1%
China695,000Yanji
1%
China356,000Yining
1%
China559,000Yiyang
1%
China782,000Yongzhou
1%
China675,000Yuncheng
1%
China356,000Yushu
1%
China663,000Yuxi
1%
China679,000Yuyao
1%
China656,000Zhangjiagang
1%
China443,000Zhangye
1%
China1,024,000Zhaoqing
1%
China339,000Zhaotong
1%
China650,000Zhoukou
1%
China778,000Zhuji
1%
China716,000Zhumadian
1%
Malaysia342,000Alor Star
0%
Saudi Arabia344,000Al-Thuqbah
0%
China342,000Anlu
0%
China317,000Anning
0%
China682,000Anqiu
0%
Iraq324,000Baqubah
0%
Philippines387,000Biñan
0%
China395,000Botou
0%
Thailand454,000Buriram
0%
Philippines377,000Cabuyao
0%
Philippines525,000Calamba
0%
China566,000Cenxi
0%
China490,000Changge
0%
China510,000Changning
0%
China482,000Changyi
0%
China485,000Chaohu
0%
India764,000Cherthala
0%
China501,000Chuxiong
0%
Angola535,000Cuíto
0%
China719,000Danyang
0%
China369,000Dashiqiao
0%
Philippines747,000Dasmariñas
0%
China578,000Daye
0%
China541,000Dengfeng
0%
India349,000Deoghar
0%
India393,000Dhuliyan
0%
China324,000Dingzhou
0%
China370,000Donggang
0%
China677,000Dongtai
0%
China566,000Dongyang
0%
China382,000Dujiangyan
0%
Nigeria384,000Ẹfọ̀n-Alààyè
0%
Sudan357,000El-Gadarif
0%
China368,000Emeishan
0%
China386,000Enping
0%
India344,000Farrukhabad
0%
China551,000Feicheng
0%
China448,000Fengcheng
0%
China459,000Fu'an
0%
China459,000Gao'an
0%
China716,000Gaomi
0%
China373,000Gaoping
0%
China508,000Gaoyou
0%
China537,000Gaozhou
0%
Philippines398,000General Trias
0%
China511,000Gongyi
0%
China373,000Gongzhuling
0%
China484,000Guang'an
0%
China891,000Guiping
0%
Nigeria410,000Gwagwalada
0%
India348,000Habra
0%
China323,000Hailin
0%
China626,000Haimen
0%
China528,000Haining
0%
China328,000Haiyang
0%
India329,000Haldwani
0%
China715,000Hanchuan
0%
India321,000Hapur
0%
China440,000Hejian
0%
China392,000Heshan
0%
India354,000Hisar
0%
China356,000Huazhou
0%
China359,000Huixian
0%
Nigeria453,000Igbidu
0%
Nigeria345,000Ijebu Ode
0%
Philippines363,000Iligan
0%
China487,000Jianyang
0%
China552,000Jiaozhou
0%
China578,000Jingjiang
0%
China416,000Jiyuan
0%
China435,000Jurong
0%
Egypt344,000Kafr El Dawwar
0%
China400,000Kaiping
0%
Thailand518,000Kalasin
0%
India340,000Kanhangad
0%
India346,000Karur
0%
India695,000Kayamkulam
0%
China404,000Laibin
0%
China505,000Laixi
0%
China387,000Laiyang
0%
China394,000Laizhou
0%
Philippines470,000Lapu-Lapu
0%
China851,000Leiyang
0%
China344,000Lengshuijiang
0%
China348,000Leping
0%
China709,000Linhai
0%
China383,000Linqing
0%
China404,000Longchang
0%
China631,000Longhai
0%
China521,000Longkou
0%
Vietnam321,000Long Xuyên
0%
China365,000Luoding
0%
China352,000Macheng
0%
Philippines395,000Mandaue
0%
India358,000Maunath Bhanjan
0%
China604,000Miluo
0%
Thailand503,000Nakhon Pathom
0%
India690,000Nanded Waghala
0%
China417,000Nankang
0%
India339,000Navsari
0%
China646,000Neijiang
0%
China340,000Ningguo
0%
Nigeria440,000Okpogho
0%
India385,000Ottapalam
0%
China525,000Pingdu
0%
China441,000Pinghu
0%
China1,063,000Pizhou
0%
Nigeria426,000Potiskum
0%
China1,160,000Puning
0%
China512,000Qianjiang
0%
Iran331,000Qods
0%
India410,000Raniganj
0%
India356,000Ranipet
0%
Thailand406,000Ratchaburi
0%
China640,000Renqiu
0%
China408,000Rongcheng
0%
China317,000Rugao
0%
Bangladesh482,000Rupganj
0%
China321,000Rushan
0%
Thailand381,000Sakon Nakhon
0%
Thailand578,000Samut Sakhon
0%
China576,000Sanhe
0%
Philippines608,000San Jose del Monte
0%
Iran364,000Shahriyar
0%
China511,000Shangyu
0%
India367,000Shantipur
0%
China349,000Shenmu
0%
China544,000Shouguang
0%
China591,000Sihui
0%
China332,000Songzi
0%
Thailand338,000Suphan Buri
0%
South Korea1,311,000Suweon
0%
China654,000Taicang
0%
China748,000Taixing
0%
Philippines367,000Tarlac
0%
Vietnam413,000Thủ Dầu Một
0%
China418,000Tongcheng
0%
China547,000Tongchuan
0%
China630,000Tongxiang
0%
China335,000Ulanhot
0%
China460,000Wafangdian
0%
China363,000Wanning
0%
South Africa454,000Witbank
0%
China349,000Wuchuan
0%
China488,000Xingning
0%
China390,000Xingping
0%
China397,000Xingyang
0%
China370,000Xingyi
0%
China576,000Xinmi
0%
China936,000Xintai
0%
China858,000Xinyu
0%
China444,000Xinzheng
0%
China970,000Xiong'an
0%
China337,000Xuanwei
0%
India451,000Yamunanagar
0%
China305,000Yangchun
0%
China508,000Yanshi
0%
China431,000Yingde
0%
China432,000Yixing
0%
China474,000Yongcheng
0%
China526,000Yongkang
0%
China344,000Yuanjiang
0%
China1,061,000Yueqing
0%
China460,000Yuhuan
0%
China562,000Zaoyang
0%
China328,000Zhangshu
0%
China550,000Zhaodong
0%
China348,000Zhaoyuan
0%
China492,000Zhongxiang
0%
China466,000Zhuanghe
0%
China355,000Zhuozhou
0%
China330,000Zixing
0%
China500,000Ziyang
0%

Score Distribution

Percentile by Number Answered

Percent of People with Each Score

Your Score History

You have not taken this quiz